Sélection de tuiles - Palmarès NBA - Statistiques

Statistiques générales
  • Ce quiz a été pris 1 023 fois
    741 depuis la dernière actualisation
  • Le résultat moyen est 58 sur 80
Statistiques - réponses
Question Tuile Select % Correct
Les équipes NBA championnes dans l'histoire Oui
93%
Les équipes NBA championnes dans l'histoire Oui
92%
Les équipes NBA championnes dans l'histoire Oui
92%
Les équipes NBA championnes dans l'histoire Oui
92%
Les équipes NBA championnes dans l'histoire Non
92%
Les équipes NBA championnes dans l'histoire Oui
92%
Les joueurs à avoir été élu MVP des Finals LeBron James Oui
92%
Les joueurs à avoir été élu MVP des Finals Michael Jordan Oui
92%
Les équipes NBA championnes dans l'histoire Non
91%
Les équipes NBA championnes dans l'histoire Oui
91%
Les équipes NBA championnes dans l'histoire Oui
91%
Les équipes NBA championnes dans l'histoire Non
90%
Les joueurs à avoir été élu MVP des Finals Kobe Bryant Oui
90%
Les équipes NBA championnes dans l'histoire Oui
88%
Les équipes NBA championnes dans l'histoire Non
88%
Les joueurs à avoir été élu MVP des Finals Magic Johnson Oui
88%
Les franchises qui n'ont jamais déménagé Oui
87%
Les équipes NBA championnes dans l'histoire Oui
87%
Les joueurs jamais champions Manu Ginobili Non
87%
Les joueurs jamais champions Scottie Pippen Non
87%
Les joueurs à avoir été élu MVP des Finals Stephen Curry Oui
87%
Les joueurs à avoir été élu MVP des Finals Jason Kidd Non
86%
Les joueurs à avoir été élu MVP des Finals Shaquille O'neal Oui
86%
Les équipes NBA championnes dans l'histoire Oui
85%
Les joueurs à avoir été élu MVP des Finals Larry Bird Oui
85%
Les joueurs à avoir été élu MVP des Finals Tony Parker Oui
85%
Les franchises qui n'ont jamais déménagé Non
84%
Les joueurs avec au moins 15 sélections au All Star Game LeBron James Oui
84%
Les équipes NBA championnes dans l'histoire Non
83%
Les joueurs jamais champions Chris Paul Oui
83%
Les joueurs jamais champions Kyrie Irving Non
83%
Les franchises qui n'ont jamais déménagé Non
82%
Les joueurs à avoir été élu MVP des Finals Clyde Drexler Non
82%
Les joueurs jamais champions Robert Parish Non
82%
Les franchises qui n'ont jamais déménagé Oui
81%
Les franchises qui n'ont jamais déménagé Non
80%
Les joueurs jamais champions Bob Cousy Non
80%
Les joueurs jamais champions James Harden Oui
80%
Les joueurs avec au moins 15 sélections au All Star Game Isiah Thomas Non
79%
Les joueurs avec au moins 15 sélections au All Star Game Kobe Bryant Oui
79%
Les joueurs jamais champions Allen Iverson Oui
78%
Les joueurs jamais champions Jerry West Non
78%
Les franchises qui n'ont jamais déménagé Oui
76%
Les joueurs avec au moins 15 sélections au All Star Game Kareem Abdul-Jabbar Oui
76%
Les joueurs avec au moins 15 sélections au All Star Game Tim Duncan Oui
75%
Les joueurs jamais champions Charles Barkley Oui
73%
Les joueurs avec au moins 15 sélections au All Star Game Charles Barkley Non
72%
Les franchises qui n'ont jamais déménagé Non
70%
Les franchises qui n'ont jamais déménagé Non
68%
Les joueurs jamais champions Tracy Mcgrady Oui
68%
Les franchises qui n'ont jamais déménagé Non
67%
Les joueurs avec au moins 15 sélections au All Star Game Jerry West Non
67%
Les franchises qui n'ont jamais déménagé Non
66%
Les franchises qui n'ont jamais déménagé Oui
66%
Les franchises qui n'ont jamais déménagé Oui
65%
Les joueurs à avoir été élu MVP des Finals Oscar Robertson Non
65%
Les joueurs à avoir été élu MVP des Finals Kevin Garnett Non
64%
Les joueurs jamais champions Karl Malone Oui
63%
Les joueurs jamais champions Steve Nash Oui
63%
Les joueurs avec au moins 15 sélections au All Star Game Shaquille O'neal Oui
62%
Les franchises qui n'ont jamais déménagé Oui
61%
Les joueurs jamais champions Patrick Ewing Oui
61%
Les joueurs jamais champions Gary Payton Non
60%
Les franchises qui n'ont jamais déménagé Oui
58%
Les joueurs à avoir été élu MVP des Finals Julius Erving Non
58%
Les équipes NBA championnes dans l'histoire Oui
57%
Les joueurs à avoir été élu MVP des Finals David Robinson Non
57%
Les franchises qui n'ont jamais déménagé Oui
54%
Les joueurs avec au moins 15 sélections au All Star Game Dwyane Wade Non
54%
Les joueurs avec au moins 15 sélections au All Star Game Wilt Chamberlain Non
51%
Les franchises qui n'ont jamais déménagé Non
50%
Les joueurs avec au moins 15 sélections au All Star Game Magic Johnson Non
49%
Les joueurs avec au moins 15 sélections au All Star Game Larry Bird Non
46%
Les joueurs avec au moins 15 sélections au All Star Game Karl Malone Non
43%
Les joueurs à avoir été élu MVP des Finals Bill Walton Oui
37%
Les joueurs jamais champions Elgin Baylor Oui
36%
Les joueurs avec au moins 15 sélections au All Star Game Kevin Garnett Oui
36%
Les joueurs avec au moins 15 sélections au All Star Game Dirk Nowitzki Non
29%
Les joueurs à avoir été élu MVP des Finals Bill Russell Non
28%
Les joueurs avec au moins 15 sélections au All Star Game Michael Jordan Non
28%
Aucun quiz correspondant
Distribution des résultats
% des personnes avec chaque résultat
Percentile par nombre de réponses
Votre historique - résultats
Vous n’avez pas pris ce quiz depuis la dernière actualisation